Ngữ nghĩa học dẫn luận
Nghiên cứu về những ý nghĩa được mã hoá một cách hệ thống trong từ vựng và ngữ pháp của ngôn từ tự nhiên, từ ngữ nghĩa từ vựng đến ngữ nghĩa ngữ pháp
Đã lưu trong:
| 主要作者: | |
|---|---|
| 其他作者: | |
| 格式: | 图书 |
| 语言: | Vietnamese |
| 出版: |
H.
Giáo dục
2006
|
| 主题: | |
| 标签: |
添加标签
没有标签, 成为第一个标记此记录!
|
| Thư viện lưu trữ: | Mạng thư viện Đại học Đà Nẵng |
|---|
| LEADER | 01385aam a22003738a 4500 | ||
|---|---|---|---|
| 001 | 000010103 | ||
| 003 | 6303 | ||
| 005 | 20120529150541.0 | ||
| 008 | 111111s2006 viesd | ||
| 020 | |c 38000đ |d 1000b | ||
| 041 | |a vie | ||
| 082 | 1 | 4 | |2 14 |a 401 |b JO-L |
| 084 | |a V103 | ||
| 084 | |b NG550N | ||
| 100 | 0 | |a Lyons, John | |
| 245 | |a Ngữ nghĩa học dẫn luận |c John Lyons ; Nguyễn Văn Hiệp dịch | ||
| 260 | |a H. |b Giáo dục |c 2006 | ||
| 300 | |a 379tr. |c 24cm | ||
| 504 | |a Thư mục: tr. 357-368 | ||
| 520 | |a Nghiên cứu về những ý nghĩa được mã hoá một cách hệ thống trong từ vựng và ngữ pháp của ngôn từ tự nhiên, từ ngữ nghĩa từ vựng đến ngữ nghĩa ngữ pháp | ||
| 650 | 7 | |2 Bộ TK TVQG |a Nghiên cứu ngôn ngữ | |
| 650 | 7 | |2 Bộ TK TVQG |a Từ vựng | |
| 650 | 7 | |2 Bộ TK TVQG |a Ngữ nghĩa học | |
| 700 | 1 | |a Nguyễn Văn Hiệp |e dịch | |
| OWN | |a LSP | ||
| AVA | |a UDN50 |b LSP |d 401 JO-L |e available |t Error 5001 Not defined in file expand_doc_bib_avail. |f 9 |g 0 |h N |i 0 |k 1 | ||
| 999 | |a From the UDN01 | ||
| AVA | |a UDN50 |b LSP |d 401 JO-L |e available |t Error 5001 Not defined in file expand_doc_bib_avail. |f 9 |g 0 |h N |i 0 |k 1 | ||
| TYP | |a Monograph | ||
| TYP | |a Printed language | ||
| 980 | |a Mạng thư viện Đại học Đà Nẵng | ||